Laufey Lyrics - Sabotage - Statistics

General Stats
  • This quiz has been taken 6 times
  • The average score is 122 of 130
Answer Stats
Lyrics % Correct
a
100%
And
100%
and
100%
assure
100%
bitter
100%
bloody,
100%
brace
100%
cause
100%
cold,
100%
dagger
100%
disaster
100%
for
100%
For
100%
get
100%
heart
100%
I
100%
I’m
100%
impact,
100%
in
100%
it
100%
It’s
100%
just
100%
kiss
100%
love
100%
matter
100%
me
100%
mine
100%
of
100%
prepare
100%
sabotage
100%
seal
100%
see
100%
so
100%
So
100%
special
100%
the
100%
through
100%
through?
100%
’til
100%
time
100%
to
100%
Why
100%
with
100%
won’t
100%
You
100%
you
100%
your
100%
Your
100%
always
75%
be
75%
can’t
75%
convinced
75%
day,
75%
do
75%
don’t
75%
easily
75%
go
75%
I’ll
75%
like
75%
marry
75%
message
75%
one
75%
swear
75%
that
75%
way,
75%
enemy
50%
head
50%
my
50%
understand,
50%
worst
50%
No matching quizzes found
Score Distribution
Percent of People with Each Score
Percentile by Number Answered
Your Score History
You have not taken this quiz